LEADER 04345nam 2200589Ia 450 001 9910452290603321 005 20200520144314.0 010 $a1-908663-10-3 010 $a1-299-19065-0 035 $a(CKB)2550000001003045 035 $a(EBL)3385443 035 $a(SSID)ssj0000914532 035 $a(PQKBManifestationID)11538536 035 $a(PQKBTitleCode)TC0000914532 035 $a(PQKBWorkID)10864336 035 $a(PQKB)10280213 035 $a(MiAaPQ)EBC3385443 035 $a(Au-PeEL)EBL3385443 035 $a(CaPaEBR)ebr10635126 035 $a(CaONFJC)MIL450315 035 $a(OCoLC)842647323 035 $a(EXLCZ)992550000001003045 100 $a20111102d2009 uy 0 101 0 $aeng 135 $aurcn||||||||| 181 $ctxt 182 $cc 183 $acr 200 13$aAn introduction to fuel analysis$b[electronic resource] /$fby Nigel Draffin 210 $aAdderbury $cPetrospot$d2009 215 $a1 online resource (117 p.) 300 $aIncludes index. 311 $a0-9548097-3-4 327 $a""Cover""; ""Dedication""; ""Foreword""; ""Preface""; ""About the author""; ""Acknowledgements""; ""Contents""; ""List of Tables and Figures""; ""Figure 1.Ships officer using hydrometer""; ""Photograph courtesy of Shell Photographic Unit""; ""Figure 2. Example text of a typical analysis report""; ""Figure 3.Table of standard prefixes for the SI units of measure""; ""Figure 4. Bunkering facilities in Colombo in 1951, before bunker quality became an issue""; ""Photograph courtesy of the Shell Photographic Unit. Taken by Derrick Knight."" 327 $a""Figure 5. Summary table of principal grades""""Figure 6.Extract from ISO 8217 (E) 2005 Residual fuel""; ""Figure 7.Extract from ISO 8217 (E) 2005 Distillate fuel""; ""Figure 8. Asphaltenic sludge in a purifier (outside of bowl)""; ""Photograph courtesy of Petrospot Ltd""; ""Figure 9. Asphaltenic sludge in a purifier (inside of bowl)""; ""Photograph courtesy of Petrospot Ltd""; ""Figure 10.a???Chart showing typical variations in Estimated Cetane Number (ECN) for a given value of CCAI""; ""Chart courtesy of Fueltec Solutions AS"" 327 $a""Figure 11. Fuel pump plunger damaged by organic acid""""Photograph courtesy of Bunker Claims International""; ""Figure 12. How not to take a spot sample""; ""Photograph courtesy of Petrospot Ltd""; ""Figure 13. Comparison between drip and automatic sampler""; ""Figure 14. Drip sampler and cubitainer in use""; ""Photograph courtesy of Lloyd's Register""; ""Figure 15.Drip sampler and cubitainer""; ""Photograph courtesy of Maritec Pte Ltd""; ""Figure 16.Sample bottle and seal""; ""Photograph courtesy of DnVPS""; ""Figure 17. Sample label"" 327 $a""Photograph courtesy of Lintec Testing Services Ltd""""Figure 18. Sealed sample""; ""Photograph courtesy of Kittiwake Developments Ltd""; ""Figure 19. Digital density meter""; ""Photograph courtesy of Inpechem Inspectors B.V.""; ""Figure 20. Digital density test diagram""; ""Figure 21. Density table""; ""Figure 22. Operation of an automatic viscometer""; ""Photograph courtesy of Lintec Testing Services Ltd""; ""Figure 23. Ostwald type capillary viscometer.""; ""Figure 24. Viscosity table""; ""Figure 25.Water (H2O) table""; ""Figure 26. Carbon residue table"" 327 $a""Figure 27. Sulphur (S) table""""Figure 28. Total sediment test equipment in use""; ""Photograph courtesy of Lintec Testing Services Ltd""; ""Figure 29. Total sediment table""; ""Figure 30. Examples of Rating Numbers of Typical Spots""; ""Spot examples courtesy of Intertec OCA ""; ""Figure 31. Ashing a sample""; ""Photograph courtesy of DnVPS""; ""Figure 32. Ash table""; ""Figure 33. ICP spectrometer ""; ""Photograph courtesy of Inpechem Inspectors B.V.""; ""Figure 34. Schematic of an ICP system""; ""Figure 35. Determination of metals by Atomic Absorption Chromatography"" 327 $a""Photograph courtesy of Inpechem Inspectors B.V."" 606 $aFuel$xAnalysis 606 $aFuel$xTesting 608 $aElectronic books. 615 0$aFuel$xAnalysis. 615 0$aFuel$xTesting. 700 $aDraffin$b Nigel$0859167 801 0$bMiAaPQ 801 1$bMiAaPQ 801 2$bMiAaPQ 906 $aBOOK 912 $a9910452290603321 996 $aAn introduction to fuel analysis$92206967 997 $aUNINA LEADER 03022nam 2200625zu 450 001 9910133525203321 005 20210807004424.0 010 $a2-8218-2584-6 024 7 $a10.4000/books.iremam.2633 035 $a(CKB)3390000000053810 035 $a(SSID)ssj0001541289 035 $a(PQKBManifestationID)11856674 035 $a(PQKBTitleCode)TC0001541289 035 $a(PQKBWorkID)11534985 035 $a(PQKB)11759224 035 $a(WaSeSS)IndRDA00044329 035 $a(FrMaCLE)OB-iremam-2633 035 $a(oapen)https://directory.doabooks.org/handle/20.500.12854/44024 035 $a(PPN)182836762 035 $a(oapen)doab44024 035 $a(EXLCZ)993390000000053810 100 $a20160829d1992 uy 101 0 $afre 135 $aur||||||||||| 181 $ctxt 182 $cc 183 $acr 200 00$aContributions au thème du et des cafés dans les sociétés du Proche-Orient 210 $cInstitut de recherches et d?études sur les mondes arabes et musulmans$d1992 210 31$a[Place of publication not identified]$cInstitut de recherches et d'études sur le monde arabe et musulman$d1992 215 $a1 online resource (100 pages) 225 1 $aCahiers de l'IREMAM ;$v1 300 $aBibliographic Level Mode of Issuance: Monograph 320 $aIncludes bibliographical references. 330 $aLes trois contributions réunies dans cette première livraison des Cahiers de l'IREMAM apportent des éclairages complémentaires au phénomène complexe du café dans le Proche-Orient. La mise en parallèle d'une cérémonie turque du café (Hélène Desmet) et de la cérémonie de thé japonaise (Jane Cobbi), permet de dégager les spécificités d'une consommation ritualisée dans deux contextes différents. Le Caire, pôle de diffusion du café dans toute l'aire méditerranéenne ? Michel Tuchscherer en étudiant les sources autochtones, apporte des éléments inédits pour la connaissance du café dans l'Égypte ottomane. Avec les matériaux et la bibliographie rassemblés par Aladin Goushegir, on dispose pour la première fois d'un dossier historique et ethnologique complet sur le café en Iran. La mise en relation de ces documents voudrait créer la possibilité d'un questionnement nouveau de ce thème. 410 0$aCahiers de l'IREMAM$v1. 606 $aAnthropology$2HILCC 606 $aSocial Sciences$2HILCC 606 $aManners & Customs$2HILCC 607 $aMiddle East$xSocial life and customs 607 $aJapan$xSocial life and customs 610 $aIran 610 $aÉgypte 610 $aéconomie du café 610 $acafé 615 7$aAnthropology 615 7$aSocial Sciences 615 7$aManners & Customs 700 $aHélène Desmet-Grégoire (dir.)$4auth$01356709 702 $aDesmet-Grégoire$b Hélène 801 0$bPQKB 906 $aBOOK 912 $a9910133525203321 996 $aContributions au thème du et des cafés dans les sociétés du Proche-Orient$93361480 997 $aUNINA